<?xml version="1.0" encoding="UTF-8"?>
<record
    xmlns:xsi="http://www.w3.org/2001/XMLSchema-instance"
    xsi:schemaLocation="http://www.loc.gov/MARC21/slim http://www.loc.gov/standards/marcxml/schema/MARC21slim.xsd"
    xmlns="http://www.loc.gov/MARC21/slim">

  <leader>01439nam0a2200325   4500</leader>
  <controlfield tag="001">RU\NLR\bibl\1240241</controlfield>
  <controlfield tag="005">20260405172233.0</controlfield>
  <datafield tag="010" ind1=" " ind2=" ">
    <subfield code="a">978-5-7992-0437-2</subfield>
    <subfield code="9">500</subfield>
  </datafield>
  <datafield tag="021" ind1=" " ind2=" ">
    <subfield code="a">RU</subfield>
    <subfield code="b">2008-30766</subfield>
    <subfield code="9">1701</subfield>
  </datafield>
  <datafield tag="035" ind1=" " ind2=" ">
    <subfield code="a">(NLR Aleph) 001226435</subfield>
  </datafield>
  <datafield tag="090" ind1=" " ind2=" ">
    <subfield code="a">170957</subfield>
    <subfield code="c">170957</subfield>
  </datafield>
  <datafield tag="100" ind1=" " ind2=" ">
    <subfield code="a">20080611d2007    |||y0rusy50      ca</subfield>
  </datafield>
  <datafield tag="101" ind1="0" ind2=" ">
    <subfield code="a">rus</subfield>
  </datafield>
  <datafield tag="102" ind1=" " ind2=" ">
    <subfield code="a">RU</subfield>
  </datafield>
  <datafield tag="105" ind1=" " ind2=" ">
    <subfield code="a">a   |||||||||</subfield>
  </datafield>
  <datafield tag="200" ind1="1" ind2=" ">
    <subfield code="a">&#x41F;&#x440;&#x43E;&#x449;&#x430;&#x439;, &#x411;&#x430;&#x43A;&#x443;</subfield>
    <subfield code="h">&#x43A;&#x43D;. 1</subfield>
    <subfield code="a">&#x421;&#x43E;&#x431;&#x440;&#x430;&#x43D;&#x438;&#x435; &#x437;&#x43D;&#x430;&#x43C;&#x435;&#x43D;&#x438;&#x442;&#x43E;&#x441;&#x442;&#x435;&#x439; &#x430;&#x440;&#x43C;&#x44F;&#x43D;&#x441;&#x43A;&#x43E;&#x433;&#x43E; &#x43F;&#x440;&#x43E;&#x438;&#x441;&#x445;&#x43E;&#x436;&#x434;&#x435;&#x43D;&#x438;&#x44F; &#x441; &#x444;&#x430;&#x43C;&#x438;&#x43B;&#x438;&#x44F;&#x43C;&#x438;, &#x43D;&#x435; &#x43E;&#x43A;&#x430;&#x43D;&#x447;&#x438;&#x432;&#x430;&#x44E;&#x449;&#x438;&#x43C;&#x438;&#x441;&#x44F; &#x43D;&#x430; "&#x44F;&#x43D;"</subfield>
    <subfield code="h">&#x43A;&#x43D;. 2</subfield>
    <subfield code="f">&#x421;&#x430;&#x43C;&#x432;&#x435;&#x43B;-&#x410;&#x43F;&#x430;</subfield>
  </datafield>
  <datafield tag="210" ind1=" " ind2=" ">
    <subfield code="a">&#x41C;&#x430;&#x439;&#x43A;&#x43E;&#x43F;</subfield>
    <subfield code="c">&#x410;&#x434;&#x44B;&#x433;&#x435;&#x44F;</subfield>
    <subfield code="d">2007</subfield>
  </datafield>
  <datafield tag="215" ind1=" " ind2=" ">
    <subfield code="a">454, [1] &#x441;.</subfield>
    <subfield code="c">&#x438;&#x43B;.</subfield>
    <subfield code="d">21</subfield>
  </datafield>
  <datafield tag="300" ind1=" " ind2=" ">
    <subfield code="a">&#x41D;&#x430; 4-&#x439; &#x441;. &#x43E;&#x431;&#x43B;. &#x430;&#x432;&#x442;.: &#x421;&#x430;&#x43C;&#x432;&#x435;&#x43B;-&#x410;&#x43F;&#x430; (&#x413;&#x440;&#x438;&#x433;&#x43E;&#x440;&#x44F;&#x43D; &#x421;&#x430;&#x43C;&#x432;&#x435;&#x43B; &#x421;&#x435;&#x43C;&#x435;&#x43D;&#x43E;&#x432;&#x438;&#x447;)</subfield>
  </datafield>
  <datafield tag="606" ind1="1" ind2=" ">
    <subfield code="a">&#x410;&#x440;&#x43C;&#x44F;&#x43D;&#x435;</subfield>
    <subfield code="y">&#x411;&#x430;&#x43A;&#x443;, &#x433;&#x43E;&#x440;&#x43E;&#x434; (&#x410;&#x437;&#x435;&#x440;&#x431;&#x430;&#x439;&#x434;&#x436;&#x430;&#x43D;)</subfield>
    <subfield code="9">2545581</subfield>
    <subfield code="3">RU\NLR\auth\661506694</subfield>
  </datafield>
  <datafield tag="607" ind1=" " ind2=" ">
    <subfield code="a">&#x410;&#x440;&#x43C;&#x435;&#x43D;&#x438;&#x44F;</subfield>
    <subfield code="x">&#x418;&#x441;&#x442;&#x43E;&#x440;&#x438;&#x44F;</subfield>
    <subfield code="x">&#x414;&#x435;&#x44F;&#x442;&#x435;&#x43B;&#x438;</subfield>
    <subfield code="9">2545583</subfield>
    <subfield code="3">RU\NLR\auth\661506695</subfield>
  </datafield>
  <datafield tag="686" ind1=" " ind2=" ">
    <subfield code="a">&#x422;3(5&#x410;&#x437;9=&#x410;&#x440;)</subfield>
  </datafield>
  <datafield tag="686" ind1=" " ind2=" ">
    <subfield code="a">&#x422;3(5&#x410;&#x440;)0-8</subfield>
  </datafield>
  <datafield tag="700" ind1=" " ind2="1">
    <subfield code="4">070</subfield>
    <subfield code="8">rus</subfield>
    <subfield code="7">ca</subfield>
    <subfield code="a">&#x413;&#x440;&#x438;&#x433;&#x43E;&#x440;&#x44F;&#x43D;</subfield>
    <subfield code="b">&#x421;. &#x421;.</subfield>
    <subfield code="f">1933-2015</subfield>
    <subfield code="g">&#x421;&#x430;&#x43C;&#x432;&#x435;&#x43B; &#x421;&#x435;&#x43C;&#x435;&#x43D;&#x43E;&#x432;&#x438;&#x447;</subfield>
    <subfield code="3">RU\NLR\AUTH\7773769</subfield>
    <subfield code="9">56697</subfield>
  </datafield>
  <datafield tag="801" ind1=" " ind2="0">
    <subfield code="a">RU</subfield>
    <subfield code="b">NLR</subfield>
    <subfield code="c">20080611</subfield>
    <subfield code="g">RCR</subfield>
  </datafield>
  <datafield tag="801" ind1=" " ind2="1">
    <subfield code="a">RU</subfield>
    <subfield code="b">NLR</subfield>
    <subfield code="c">20080611</subfield>
  </datafield>
  <datafield tag="942" ind1=" " ind2=" ">
    <subfield code="c">BOOK</subfield>
  </datafield>
  <datafield tag="980" ind1=" " ind2=" ">
    <subfield code="a">NB</subfield>
  </datafield>
  <datafield tag="995" ind1=" " ind2=" ">
    <subfield code="5">2008-06-11</subfield>
    <subfield code="a">ad</subfield>
    <subfield code="b">NLR01</subfield>
    <subfield code="c">NLR01</subfield>
    <subfield code="e">RF9</subfield>
    <subfield code="f">2695528</subfield>
    <subfield code="k">2008-3/17636</subfield>
    <subfield code="o">0</subfield>
    <subfield code="r">BOOK</subfield>
    <subfield code="s">2008317636_</subfield>
  </datafield>
  <datafield tag="995" ind1=" " ind2=" ">
    <subfield code="5">2008-06-11</subfield>
    <subfield code="a">ad</subfield>
    <subfield code="b">NLR01</subfield>
    <subfield code="c">NLR01</subfield>
    <subfield code="e">RF9</subfield>
    <subfield code="f">2695529</subfield>
    <subfield code="k">2008-3/17636</subfield>
    <subfield code="o">0</subfield>
    <subfield code="r">BOOK</subfield>
    <subfield code="s">2008317636_</subfield>
  </datafield>
</record>
